Zánik dobrovoľného sociálneho poistenia pri nezaplatení poistného
Novela zákona č. 461/2003 Z. z. o sociálnom poistení v z. n. p., č. 338/2013 Z. z. s účinnosťou od 1. januára 2014 a zmeny v oblasti dobrovoľného sociálneho poistenia.
Saved in:
| Main Author: | |
|---|---|
| Format: | Book Chapter |
| Language: | Slovak |
| Subjects: | |
| Tags: |
No Tags, Be the first to tag this record!
|
MARC
| LEADER | 00000nla a2200000 4500 | ||
|---|---|---|---|
| 001 | 0185488 | ||
| 005 | 20220729105255.2 | ||
| 041 | 0 | |a slo | |
| 044 | |a SK | ||
| 245 | 1 | 0 | |a Zánik dobrovoľného sociálneho poistenia pri nezaplatení poistného |c Andrea Zahoranová |
| 520 | |a Novela zákona č. 461/2003 Z. z. o sociálnom poistení v z. n. p., č. 338/2013 Z. z. s účinnosťou od 1. januára 2014 a zmeny v oblasti dobrovoľného sociálneho poistenia. | ||
| 610 | 2 | 0 | |a poistenie sociálne |
| 610 | 2 | 0 | |a zabezpečenie sociálne |
| 610 | 2 | 0 | |a poistenie dobrovoľné |
| 610 | 2 | 0 | |a poistenci |
| 610 | 2 | 0 | |a poistné |
| 610 | 2 | 0 | |a novelizácia |
| 610 | 2 | 0 | |a zákony |
| 100 | 1 | |a Zahoranová, Andrea | |